000 00248nam a2200109Ia 4500
005 20251222144829.0
008 251222s9999||||xx |||||||||||||| ||spa||
082 _a659.2/R38/Ej.2
245 0 _aRelaciones Públicas:
264 _bUSMP
942 _cLIB
999 _c20773
_d20773